• 首页
  • 本馆介绍
  • 公告通知
  • 最新文献
  • 馆藏检索
  • 电子资源
  • 读者导购
  • 参考咨询
  • 我的图书馆
  • 登录
  • 详细信息显示
  • 放入我的书架
  • 预约/预借图书
  • 作者相关作品
  • 分类相关作品
  • 丛书相关作品
  • 出版社相关作品

书目信息

  • 表格格式
  • 工作单格式
  • 卡片格式
题名:
球类运动
    
 
作者: 黄汉升 主编
分册:   排球
出版信息: 北京   高等教育出版社  2009
页数: 374页
开本: 24cm
丛书名:
单 册:
中图分类: G84
科图分类:
主题词: 排球运动--高等学校--教材 , 排球运动
电子资源:
ISBN: 978-7-04-027387-8
000 00869nam0 2200265 45
001 1130160562
005 20110309093733.87
010    @a978-7-04-027387-8@dCNY28.80
100    @a20110110e20102009em y0chiy0110 ea
101 0  @achi
102    @aCN@b110000
105    @aa z 000yy
106    @ar
200 1  @a球类运动@AQiu Lei Yun Dong@i排球@IPai Qiu@f黄汉升主编@FHuang Han Sheng Zhu Bian
205    @a2版
210    @a北京@c高等教育出版社@d2009@h2010
215    @a374页@c图@d24cm
300    @a普通高等教育“十一五”国家级规划教材
330    @a本书共11章,内容包括:排球运动导论、排球技术、排球战术、排球教学训练方法与设计、排球运动员体能训练一般理论与方法等。
606 0  @a排球运动@x高等学校@j教材
606 0  @a排球运动
690    @aG84@v4
701  0 @a黄汉升@AHuang Han Sheng@4主编
801  0 @aCN@bTANGWEI@c20110309
905    @b0529978-80@dG84@e321=2@f3
    
    球类运动.排球/黄汉升主编.-2版.-北京:高等教育出版社,2009(2010)
    374页:图;24cm
    普通高等教育“十一五”国家级规划教材
    
    ISBN 978-7-04-027387-8:CNY28.80
    本书共11章,内容包括:排球运动导论、排球技术、排球战术、排球教学训练方法与设计、排球运动员体能训练一般理论与方法等。
●
相关链接 在E读中查询图书 在五车中查询图书 在当当中查询图书 在豆瓣中查询图书


正题名:球类运动     索取号:G84/321=2         预约/预借

序号 登录号 条形码 馆藏地/架位号 状态 备注
1 0529978   205299782   第一样本阅览室/ [索取号:G84/321=2] 在馆    
2 0529979   205299791   第四借阅区/ [索取号:G84/321=2] 在馆    
3 0529980   205299808   密集书库-体育系/ [索取号:G84/321=2] 在馆    
唐山师范学院图书馆 欢迎您!
大连网信软件有限公司© 版权所有